Chelsea FC Current 25/26 Squad - Statistics

General Stats
  • This quiz has been taken 38 times
  • The average score is 23 of 28
Answer Stats
# Position Nation Answer % Correct
10 ATT England Cole Palmer
97%
3 DEF Spain Marc Cucurella
97%
20 ATT Brazil Joao Pedro
94%
1 GK Spain Robert Sanchez
94%
49 ATT Argentina Alejandro Garnacho
91%
8 MID Argentina Enzo Fernandez
91%
7 ATT Portugal Pedro Neto
91%
24 DEF England Reece James
91%
12 GK Denmark Filip Jorgensen
88%
25 MID Ecuador Moises Caicedo
88%
23 DEF England Trevoh Chalobah
88%
41 ATT Brazil Estevao
85%
27 DEF France Malo Gusto
85%
5 DEF France Benoit Badiashile
82%
21 DEF Netherlands Jorrel Hato
82%
9 ATT England Liam Delap
82%
29 DEF France Wesley Fofana
82%
17 MID Brazil Andrey Santos
79%
6 DEF England Levi Colwill
79%
38 ATT Spain Marc Guiu
79%
45 MID Belgium Romeo Lavia
79%
11 ATT England Jamie Gittens
70%
34 DEF England Josh Acheampong
70%
44 GK USA Gaga Slonina
64%
4 DEF England Tosin Adarabioyo
64%
32 ATT England Tyrique George
64%
14 MID Portugal Dario Essugo
61%
40 ATT Argentina Facundo Buonanotte
52%
No matching quizzes found
Score Distribution
Percent of People with Each Score
Percentile by Number Answered
Your Score History
You have not taken this quiz